000 00819nam a2200265 a 4500
001 55597
003 BD-RjUL
005 20211209080303.0
008 161120s1935 enka b 001 0 eng
035 _a(BD-RjUL)55720
035 _a(OCoLC)2720290
040 _aDLC
_cGAT
_dOCoLC
_dBD-RjUL
_beng
041 _aeng
082 _a541.378
_223
_bBHP 1935
100 1 _aBhatnagar, Shanti Swarupa
_9165621
245 1 0 _aPhysical principles and applications of magnetochemistry /
_cS.S. Bhatnagar and K.N. Mathur
260 _aLondon :
_bMacmillan and Co., limited,
_c1935.
300 _axiv, 375 p. :
_bill. ;
_c23 cm.
500 _aIncludes index
650 0 _aMagnetochemistry.
_9161271
650 0 _aMagnetism.
_9165622
700 1 _aMathur, K. N.,
_ejoint author.
_9165623
942 _2ddc
_cBK
999 _c55597
_d55597